Reisen von DDR-Bürgern ins Riesengebirge in den 50er und 60er Jahren
| Titel: | Reisen von DDR-Bürgern ins Riesengebirge in den 50er und 60er Jahren / Mateusz J. Hartwich |
|---|---|
| Verfasser: | |
| In: |
Schlesier in der DDR, (2009), Seite 119-133 alle Artikel anzeigen |
| Veröffentlicht: | 2009 |
| Format: | Aufsatz |
| Sprache: | Deutsch |
X
alg: 47484440
001A $03025:18-01-21
001B $01999:10-05-21 $t09:35:07.000
001D $03025:18-01-21
001U $0utf8
001X $00
002@ $0Aou
002C $aText $btxt $2rdacontent
002D $aohne Hilfsmittel zu benutzen $bn $2rdamedia
002E $aBand $bnc $2rdacarrier
003@ $0474844404
007A $0474844404 $aHEB
010@ $ager
010E $erda
011@ $a2009
021A $aReisen von DDR-Bürgern ins Riesengebirge in den 50er und 60er Jahren $hMateusz J. Hartwich
028A $BVerfasser $#Hartwich, Mateusz J. $4aut $71026361044 $8Hartwich, Mateusz$Z1979- [Tp3] $9309354293
031A $h119-133 $j2009
037A $aEnthält im Anhang Bericht eines inoffiziellen Mitarbeiters ("Alfa") der polnischen Staatssicherheit über das Verhalten einer Touristengruppe aus der DDR in Krummhübel im Jahr 1964 (Seiten 130-133)
039B $aEnthalten in $8--Aau--. Schlesier in der DDR. - Görlitz : Schlesisches Museum, 2009. - 135 S.. - ISBN 978-3-00-027299-8 $x200900000000000881 $9211423262
044K $RSudeten $#Karkonosze $#Krkonoše $74050019-6 $8Riesengebirge [Tg1] $9085139661
044K $RKongresspolen $RWestgalizien $#Generalgouvernement Polen $#Polska $#Rzeczpospolita Polska $#Polska Rzeczpospolita Ludowa $#Poland $#Pologne $#République Polonaise $#Generalne Gubernatorstwo w Polsce $#Polish People's Republic $#Polska Rzeczpospolita Polen $#PRL $#RP $#Polen Generalgouvernement $#Polska Generalgouvernement $#Besetzte Polnische Gebiete $#Besetztes Gebiet in Polen $#Okupowane Polskie Obszary $#Obszary Okupowane w Polsce $#Volksrepublik Polen $#Polska Rosyjska $#Republic Polen $#Respublika Pol'ša $#Pol'skaja Narodnaja Respublika $#République de Pologne $#Polen Links der Weichsel $#Polska po Lewej Stronie Wisły $#Lenkija $#Polija $#Gubernija Carstva Pol'skago $#Republik Polen $74046496-9 $8Polen [Tg1] $9085129801
044K $RRelation $#Wechselbeziehung $#Beziehungen $74145198-3 $8Beziehung [Ts1] $9085577189
044K $RDeutschland $RDeutschland $ROstdeutschland $RDeutschland $RDeutschland $#DDR $#DDR $#Deutsche Demokratische Republik $#DDR $#Deutschland 1949-1990, DDR $#German Democratic Republic $#GDR $#République Démocratique Allemande $#RDA $#Germanskaja Demokratičeskaja Respublika $#Demokratičeskaja Respublika Deutschland, DDR $#Democratic Republic Deutschland, DDR $#Demokratische Republik Deutschland, DDR $#Niemiecka Republika Demokratyczna $#NRD $#Ǧumhūrīyat Almāniyā ad-Dīmuqrāṭīya $#República Democrática Alemana $#Saksan Demokraattisen Tasavallan $#Repubblica Democratica Tedesca $#Mitteldeutschland DDR $#Ostdeutschland DDR $#East Germany DDR $#Ostzone $74011890-3 $8Deutschland$gDDR [Tgz] $9085025615
044K $RReise $RTourismusforschung $RReiseverkehr $#Tourism $#Tourisme $#tourism $#Tourismus $#Tourismus $#Touristik Fremdenverkehr $#Fremdenverkehr $74018406-7 $8Tourismus [Ts1] $9085043508
045F $a910.9438509045 $eDDC23BSB
045F/01 $a910
045F/03 $f09045
045F/03 $f09046
045F/03 $g4385
045F/03 $g438
045F/03 $g431
045R $aGeschichte 1956-1970
lok: 47484440 78
exp: 47484440 78 1 #EPN
201B/01 $018-01-21 $t15:08:31.000
201C/01 $018-01-21
201U/01 $0utf8
203@/01 $01137034742
208@/01 $a18-01-21 $be
209A/01 $a/ $f000 $x00
209A/01 $ab*p $x01
220C/01 $apgar
244Z/01 $#Generalgouvernement Polen $#Polska $#Rzeczpospolita Polska $#Polska Rzeczpospolita Ludowa $#Poland $#Pologne $#République Polonaise $#Generalne Gubernatorstwo w Polsce $#Polish People's Republic $#Polska Rzeczpospolita Polen $#PRL $#RP $#Polen Generalgouvernement $#Polska Generalgouvernement $#Besetzte Polnische Gebiete $#Besetztes Gebiet in Polen $#Okupowane Polskie Obszary $#Obszary Okupowane w Polsce $#Volksrepublik Polen $#Polska Rosyjska $#Republic Polen $#Respublika Pol'ša $#Pol'skaja Narodnaja Respublika $#République de Pologne $#Polen Links der Weichsel $#Polska po Lewej Stronie Wisły $#Lenkija $#Polija $#Gubernija Carstva Pol'skago $#Republik Polen $74046496-9 $8--Tg1--Polen $x01 $9085129801
244Z/01 $#Schlesien $#Schlesien $#Herzogtum Schlesien $#Herzogtum Schlesien Schlesien $#Provinz Schlesien $#Śla̜sk $#Slezsko $#Silesia $74052678-1 $8--Tg1--Schlesien $x02 $9085146781
247C/01 $82080>Marburg/Lahn, Herder-Institut, Forschungsbibliothek, Bibliographieportal $9336309341
| LEADER | 00000caa a2200000 c 4500 | ||
|---|---|---|---|
| 001 | 474844404 | ||
| 003 | DE-603 | ||
| 005 | 20210510093507.0 | ||
| 007 | tu | ||
| 008 | 210118s2009 xx |||| | u00||u|ger c | ||
| 035 | |a (DE-599)HEB474844404 | ||
| 040 | |a DE-603 |b ger |c DE-603 |d DE-603 |e rda | ||
| 041 | |a ger | ||
| 082 | 0 | 4 | |8 1\u |a 910.9438509045 |q DE-101 |2 23/BSB |
| 085 | |8 1\u |b 910 | ||
| 085 | |8 1\u |z 1 |s 09045 | ||
| 085 | |8 1\u |z 1 |s 09046 | ||
| 085 | |8 1\u |z 2 |s 4385 | ||
| 085 | |8 1\u |z 2 |s 438 | ||
| 085 | |8 1\u |z 2 |s 431 | ||
| 100 | 1 | |a Hartwich, Mateusz |d 1979- |e Verfasser |4 aut |0 (DE-603)309354293 |0 (DE-588)1026361044 |2 gnd | |
| 245 | 0 | 0 | |a Reisen von DDR-Bürgern ins Riesengebirge in den 50er und 60er Jahren |c Mateusz J. Hartwich |
| 264 | 0 | |c 2009 | |
| 336 | |a Text |b txt |2 rdacontent | ||
| 337 | |a ohne Hilfsmittel zu benutzen |b n |2 rdamedia | ||
| 338 | |a Band |b nc |2 rdacarrier | ||
| 500 | |a Enthält im Anhang Bericht eines inoffiziellen Mitarbeiters ("Alfa") der polnischen Staatssicherheit über das Verhalten einer Touristengruppe aus der DDR in Krummhübel im Jahr 1964 (Seiten 130-133) | ||
| 648 | 7 | |a Geschichte 1956-1970 |2 gnd | |
| 650 | 7 | |a Beziehung |0 (DE-588)4145198-3 |0 (DE-603)085577189 |2 gnd | |
| 650 | 7 | |a Tourismus |0 (DE-588)4018406-7 |0 (DE-603)085043508 |2 gnd | |
| 651 | 7 | |a Riesengebirge |0 (DE-588)4050019-6 |0 (DE-603)085139661 |2 gnd | |
| 651 | 7 | |a Polen |0 (DE-588)4046496-9 |0 (DE-603)085129801 |2 gnd | |
| 651 | 7 | |a Deutschland |g DDR |0 (DE-588)4011890-3 |0 (DE-603)085025615 |2 gnd | |
| 773 | 0 | 8 | |i Enthalten in |t Schlesier in der DDR |d Görlitz : Schlesisches Museum, 2009 |h 135 S. |z 9783000272998 |g (2009), Seite 119-133 |w (DE-603)211423262 |
| 924 | 0 | |9 2080 |a (DE-603)1137034742 |b DE-2080 |c HES |d d |g / | |


